1089 1786 1397 1125 1025 1911 1289 1159 1871 1253 1881 1786 1325 1833 1771 1303 1360 1083 1354 1380 1388 1001 1971 1649 1619 1331 1088 1126 1035 1931 1585 1667 1322 1703 1960 1056 1373 1023 1219 1185 1575 1337 1634 1077 1422 1475 1240 1953 1892 1239 1738 1198 1354 1455 1895 1411 1157 1133 1211 1459 1218 1641 1075 1021 1248 1818 1557 1096 1237 1485 1191 1602 1645 1139 1946 1490 1532 1623 1724 1574 1906 1957 1408 1374 1604 1778 1755 1144 1115 1255 1882 1226 1876 1021 1493 1572 1988 1862 1581 BCNSPRNW ULIB Ver.6.0+V

เปลี่ยนเป็นภาษาไทย

Change to English
 แสดงรายละเอียดบรรณานุกรม
  กลับหน้าหลัก

Brief Record : Get Marc (ISO 2709) : E-mail record : QR code < ปิดหน้าต่าง
LEADER : 00000nam 2200000uu 4500
001    13399110327
003     ULIB
008    110428s2552||||th 000 0 tha d
020    9786161102203
060  4 WM274^bก569พ 2552
100 0  Thomas F. Babor
245 10 การบำบัดแบบสั้นสำหรับผู้ดื่มแบบเสี่ยงและผู้ดื่มแบบอันตราย =^bBrief intervention /^cThomas F.Babor ... [และคนอื่น ๆ] ; แปลและเรียบเรียงเป็นภาษาไทยโดยปริทรรศ ศิลปกิจ, พันธุ์นภา กิตติรัตนไพบูลย์
246 31 Brief intervention
250    พิมพ์ครั้งที่ 2
260    [เชียงใหม่] :^bแผนงานการพัฒนาระบบรูปแบบและวิธีการบำบัดรักษาผู้มีปัญหาการบริโภคสุราแบบบูรณาการ โรงพยาบาลสวนปรุง,^c2552
300    50 หน้า :^bภาพประกอบ
650  7 คนดื่มสุรา^xการประเมิน^xมาตรฐาน
650  7 พิษสุราเรื้อรัง^xการวินิจฉัย^xการประเมิน^xมาตรฐาน
650  7 คนดื่มสุรา^xการบำบัด
700 0  พันธุ์นภา กิตติรัตนไพบูลย์,^eผู้แปล
700 0  ปริทรรศ ศิลปกิจ,^eผู้แปล
700 1   Babor, Thomas F
710 2  โรงพยาบาลสวนปรุง.^bแผนงานการพัฒนาระบบรูปแบบและวิธีการบำบัดรักษาผู้มีปัญหาการบริโภคสุราแบบบูรณาการ
945    ^p0^l0^i027743
995    ทศพร
999 ^a ใช้งานได้ทุกระบบ
รายการนี้ยังไม่มีแท็ก
คุณยังไม่ได้ล็อกอิน คุณสามารถมีกิจกรรมร่วมกับเว็บไซต์ได้ แต่ต้องล็อกอินก่อน ::
  ล็อกอิน

รายการสื่อสารสนเทศ

ลำดับที่ ประเภท เลขเรียก/บาร์โค้ด สถานที่ สถานะ
1. วิทยาศาสตร์การแพทย์ และสุขภาพ
หนังสือสำรอง
สถานะ=หนังสือสำรอง
WM274 ก569พ 2552 ฉ.1 
  Barcode: 027743
ห้องสมุดวิทยาเขตสวรรค์ประชารักษ์
►ส่วนจัดเก็บหนังสือเก่า สปร
บนชั้น
  ขอยืม

BibComment


ยังไม่เคยถูกคอมเมนท์

คอมเมนท์ทรัพยากรรายการนี้
  คอมเมนท์: การบำบัดแบบสั้นสำ..


 Copyright 2026. Bcnsprnw @Library